000 00984nam a22003017a 4500
001 BR0102523
003 BR-BrBNA
005 20230928100909.0
007 ta
008 230509b bl.||||| |||| 00| 0 por d
040 _aBR-BrBNA
_bpor
_cBiblioteca Nacional de Agricultura
041 _a(Por)
072 _aL53; L10
_b5212
_b5213
090 _ 5212 BR0102523
100 1 _aSantos, N.R. dos
110 1 _aUniversidade Federal de Minas Gerais, Belo Horizonte (Brasil). Escola de Veterinaria
_0Tese (Mestre em Ciencia Animal)
245 1 _aCongelamento de embriao bovino: comportamento osmotico do embriao face a solucao crioprotetora
260 3 _aBelo Horizonte, MG (Brasil):
_c1995.
300 _a96 p.
500 _aSummaries (Eng, Por); Bibliography p. 77-96; 7 illus.
650 _aBovino
650 _aGado Zebu
650 _aTransferencia de Embriao
650 _aBiotecnologia
650 _aCongelamento
909 _a202309
_bLucia
_c55
_dLucia Elande
942 _cBK
999 _c63302
_d63302